| 000 | 00846nam a2200253 i 4500 | ||
|---|---|---|---|
| 001 | 180559 | ||
| 003 | ES-MaACL | ||
| 005 | 20230906221130.0 | ||
| 008 | 120613s1970 sp af |||| |bspa d | ||
| 080 | _a75Mantegna | ||
| 100 | 1 |
_aMantegna, Andrea. _976149 |
|
| 245 | 1 | 3 |
_aLa obra pictórica completa de Mantegna / _cintroducción de María Bellonci ; biografía y estudios críticos de Niny Caravaglia. |
| 260 |
_aBarcelona : _bNoguer, _c[1970] ( _fRizzoli) |
||
| 300 |
_a128 p. : _bil. col. y n. ; _c32 cm. |
||
| 490 | 1 |
_aClásicos del arte ; _v14 |
|
| 500 | _aÍndices. | ||
| 504 | _aBibliografía: p. 82. | ||
| 600 | 0 | 4 |
_aMantegna, Andrea. _976149 |
| 700 | 1 |
_aBellonci, María. _9150538 |
|
| 700 | 1 |
_aCaravaglia, Niny. _9150539 |
|
| 830 | 0 |
_aClásicos del arte ; _v14 _9191252 |
|
| 852 |
_aES-MaACL _jL-31049 |
||
| 999 |
_c180559 _d180559 |
||